000 00661nam a2200229Ia 4500
003 OSt
005 20220918105537.0
006 a|||||r|||| 00| 0
007 ta
008 220915b |||||||| |||| 00| 0 ara d
024 _a279411
037 _cReference Collections
040 _aARTS
_cARTS
_bara
041 _2ara
_aara
082 _aP28,4k, 28M5
100 _aYaqoob Ameel Au.
_92137
245 0 _aAl-muajim al-laghviah al-arbiah
260 _aBeirut
_bDarul Ilm al-malaieen Lebanon
_c1985
650 _aARABIC LANGUAGE - DICTIONARY
942 _hP28,4k, 28M5
_cREF
999 _c107999
_d107999